FC Lorient - Joueurs les plus capés - Statistiques

Statistiques générales
  • Ce quiz a été pris 67 fois
  • Le résultat moyen est 3 sur 10
Statistiques - réponses
Apparition Nationalité Joueur % Correct
352 France Fabien Audard
82%
271 Madagascar Jérémy Morel
77%
322 France Vincent Le Goff
75%
215 France Yann Jouffre
47%
226 France Arnaud Le Lan
40%
208 France Sylvain Ripoll
7%
189 France Antony Gauvin
3%
177 France Loïc Druon
3%
194 France Pierrick Le Bert
3%
178 France Gilles Kerhuiel
0%
Aucun quiz correspondant
Distribution des résultats
% des personnes avec chaque résultat
Percentile par nombre de réponses
Votre historique - résultats
Vous n’avez pas pris ce quiz